Представление документа в формате MARC21

Поле Инд. ПП Название Значение
Тип записи a
Библиографический уровень m
001 Контрольный номер 66db65bc-17fd-45a4-bd29-d0d199f79ccf
005 Дата корректировки 20250822093659.9
008 Кодируемые данные 070305
020 a ISBN 0-19-316304-7
c Цена, тираж 6045.14
040 a Служба первич. каталог. НБ ТвГУ
041 0_ a Код языка текста eng
080 a Индекс УДК 78.03
084 a Индекс другой классификации/Индекс ББК Щ313(0)
a Индекс другой классификации/Индекс ББК Щ313(0)43
090 x Авторский знак N52
a Полочн. индекс Щ313(0)
245 00 a Заглавие The new Oxford history of music
n Номер части/ раздела Vol. 4
p Название части/ раздела The age of humanism
b Продолж. заглавия 1540-1630
c Ответственность ed. by Gerald Abraham
260 0_ a Место издания London [etc.]
b Издательство Oxford university press
c Дата издания 2004
300 a Объем XXV, 978 p.
b Иллюстрации/ тип воспроизводства illus., facsims.
500 a Примечание НАСТОЯЩИЙ МАТЕРИАЛ (ИНФОРМАЦИЯ) ПРОИЗВЕДЕН, РАСПРОСТРАНЕН И (ИЛИ) НАПРАВЛЕН ИНОСТРАННЫМ АГЕНТОМ, ЯВЛЯЮЩИМСЯ УЧРЕДИТЕЛЕМ (ЧЛЕНОМ, УЧАСТНИКОМ, РУКОВОДИТЕЛЕМ ИЛИ ЛИЦОМ, ВХОДЯЩИМ В СОСТАВ ОРГАНА ЛИЦ УКАЗАНЫХ В ЧАСТИ 4 СТАТЬИ 9 ФЕДЕРАЛЬНОГО ЗАКОНА «О КОНТРОЛЕ ЗА ДЕЯТЕЛЬНОСТЬЮ ЛИЦ, НАХОДЯЩИХСЯ ПОД ИНОСТРАННЫМ ВЛИЯНИЕМ») ВКЛЮЧЕННОГО В РЕЕСТР ИНОСТРАННЫХ АГЕНТОВ
504 a Библиография Bibliogr.: p. 845-909.
583 a Действие Получение впервые 42 05.03.2007
k Исполнитель действия Дар Оксфордско-Российского Фонда
583 a Действие Приписка 138 09.06.2007
k Исполнитель действия Дар Оксфордско-Российского Фонда
653 0_ a Ключевые слова Музыка
a Ключевые слова История музыки
a Ключевые слова Эпоха Возрождения
a Ключевые слова Возрождение
a Ключевые слова Оксфордско-Российский фонд
700 1_ a Другие авторы Abraham Gerald
e Роль лиц ed.
d Дата 1904-1988
852 41 t Порядковый номер экземпляра 1
p Инвентарный номер 871033
852 41 t Порядковый номер экземпляра 1
p Инвентарный номер 877127 6482.70
863 t 00175883
888 a Бесплатные
930 a Новая/Ретро иностр
a Новая/Ретро англ
952 p 42.2007 6045.14 1 871033
p 138.2007 6482.70 1 877127
c Вид литературы К ин
954 a Дата поступления на обработку 20070309
999 a Подразделение 2 ч.з.
a Подразделение 2 кх.